000 00598nam a2200169Ia 4500
008 090201s9999 xx 000 0 und d
010 _aKPL-15135
040 _bमराठी
041 _aमराठी
082 _a36647
_b15135
100 _aचंद्रकांत काकोडकर
245 _aगोषांतली सुंदरी
_cचंद्रकांत काकोडकर
260 _c2004
_bमॅजेस्टीक बुकस्टॉल
300 _a158
_bमोठा
600 _aगोषांतली सुंदरी
942 _cBOOK
999 _c234590
_d234590